| 000 | 01267cab a22002175a 4500 | ||
|---|---|---|---|
| 001 | L159006 | ||
| 008 | 151203e2015 xxk 000 0 eng d | ||
| 035 | _a(Sirsi) u159006 | ||
| 041 | 0 | _aeng | |
| 245 | 0 | 0 |
_aSection 21 All change _bNew rules on when and how to use the "no fault" notice |
| 260 | _c2015 | ||
| 490 |
_aLetting Update Journal _v23(3), October 2015, 14-16(3) |
||
| 520 | _aExplains the changes to the serving of Housing Act 1988 s21 notices introduced by the Deregulation Act 2015. These includes the prohibition of the serving of s21 notices within the first four months of an original Assured Shorthold Tenancy (AST) and must be served using a prescribed form Assured Shorthold Tenancy Notices and Prescribed Requirements (England) (Amendment) Regulations 2015 (SI 2015:1725. Tenants must also have been given an Energy Performance Certificate and Gas Safety Record before a S21 notice can be served. Applies to new tenancies set up on and after 1 October 2015 | ||
| 590 | _aKA | ||
| 650 | 2 | 4 | _aDEREGULATION ACT 2015 |
| 650 | 2 | 4 | _aS21 NOTICES |
| 650 | 2 | 4 | _aASSURED SHORTHOLD TENANCY NOTICES AND PRESCRIBED REQUIREMENTS (ENGLAND) (AMENDMENT) REGULATIONS 2015 |
| 651 | 4 |
_aEngland _y886- |
|
| 690 |
_aLandlord and tenant _96252 |
||
| 942 | _n0 | ||
| 999 |
_c84766 _d84766 |
||